00406cam a2200157ua 45000010005000000080039000050400009000440820013000531000027000662450046000932500009001392600044001483000016001926530018002086530022002264022111213n ii |||gr||||Z||||||asm cMAIN a891.45111 aSarmah, Bibhuti Kumar,11aKecha matir gudhacby Bibhuti Kumar Sarma a1st. aDuliajan:bBhaskar jyoti Sarmah,c2002. a57p:c23cm. aAssamese poem aKecha matir gudha